000 00435nam a2200181Ia 4500
001 24769
005 20260414151105.0
008 260414t2004||||xx |||||||||||||| ||spa||
041 _aESP
082 _a345.733
_bJ89
110 _aJunta de Decanos de los Colegios de Notarios del PerĂº
245 0 _aEl notario peruano
_b
260 _c2004
300 _a
_c23 cm.
650 _aDER
654 _aCDE
942 _cLIB
_dJUS
_fJUS
_2ddc
_n
999 _c24769
_d24769